[Event "Catarinense-ch U20 Girls"]
[Site "Rio Negrinho"]
[Date "2023.03.26"]
[Round "5"]
[White "Pereira, Aline Vitoria"]
[Black "Motta, Agahta dos Santos"]
[Result "1-0"]
[WhiteElo "1351"]
[BlackElo "1142"]
[PlyCount "43"]
[EventDate "2023.03.24"]
[EventType "swiss"]
[EventRounds "6"]
[EventCountry "BRA"]
[SourceTitle "CBM 213 Extra"]
[Source "ChessBase"]
[SourceDate "2023.05.31"]
[SourceVersion "1"]
[SourceVersionDate "2023.05.31"]
[SourceQuality "1"]

1. d4 Nf6 2. c4 g6 3. Nc3 Bg7 4. e4 d6 5. f3 0-0 6. Be3 e5 7. d5 Nbd7 8. Qd2 a5 9. g4 Nc5 10. Nge2 Nfd7 11. Ng3 Qh4 12. Bg5 Bh6 13. Bxh6 Qe7 14. Bxf8 Nxf8 15. h4 Qf6 16. Be2 Qf4 17. Qxf4 exf4 18. Nf1 Nfd7 19. 0-0-0 Ne5 20. Nh2 Bd7 21. Kb1 Kg7 22. Bf1 1-0

[Event "Florianopolis op 9th"]
[Site "Florianopolis"]
[Date "2023.01.24"]
[Round "2"]
[White "Soares, Rafael Tuma"]
[Black "Motta, Agahta dos Santos"]
[Result "1-0"]
[WhiteElo "1440"]
[BlackElo "1704"]
[PlyCount "97"]
[EventDate "2023.01.23"]
[EventType "swiss"]
[EventRounds "10"]
[EventCountry "BRA"]
[SourceTitle "CBM 212 Extra"]
[Source "ChessBase"]
[SourceDate "2023.03.31"]
[SourceVersion "1"]
[SourceVersionDate "2023.03.31"]
[SourceQuality "1"]

1. d4 Nf6 2. Nf3 g6 3. c4 Bg7 4. Nc3 0-0 5. e4 d6 6. Be2 Nc6 7. h3 e5 8. dxe5 dxe5 9. Qxd8 Rxd8 10. 0-0 Be6 11. Be3 Rd7 12. Rad1 Rad8 13. b3 Rxd1 14. Rxd1 Rxd1+ 15. Bxd1 a6 16. Nh2 Ne8 17. Bd2 f5 18. Bf3 Nd4 19. Kf1 Nxf3 20. Nxf3 b6 21. Bc1 Nd6 22. exf5 Bxf5 23. Nd5 Ne8 24. Ne7+ Kf7 25. Nxf5 gxf5 26. Bb2 e4 27. Bxg7 exf3 28. Bd4 fxg2+ 29. Kxg2 Ke6 30. Kf3 c5 31. Bc3 Nf6 32. Ke3 Ne4 33. Bb2 Nd6 34. f3 b5 35. Kd3 bxc4+ 36. bxc4 Nb7 37. Bc3 f4 38. h4 Kf5 39. Bd2 Ke5 40. Be1 Nd8 41. Bf2 Ne6 42. Kc3 Nd4 43. h5 Nxf3 44. Bxc5 Ng5 45. Kd3 f3 46. Ke3 Kf5 47. Be7 Kg4 48. Bxg5 Kxg5 49. Kxf3 1-0